| 000 | 00731nam a22002057a 4500 | ||
|---|---|---|---|
| 005 | 20170627143212.0 | ||
| 010 | _aBAC-CH25 | ||
| 020 |
_a9788182523876 _c350.00 |
||
| 035 | _aB-558187-222 | ||
| 035 | _aB-665176 | ||
| 037 |
_adpl _bABC/Ven |
||
| 082 | _a954 | ||
| 245 | _aHistory of India / | ||
| 260 |
_aMumbai _bWilco Publishing House _c2014 |
||
| 270 |
_aITTS House, 33, Sri Saibaba Marg, Kala Ghoda _bMumbai India |
||
| 300 |
_a164p. _c23cm(pbk) |
||
| 942 |
_2ddc _cCH _mHIS _h954 |
||
| 999 |
_c86579 _d86579 |
||